|
|
|
|
| LEADER |
00000nas a2200000 i 4500 |
| 001 |
ssj0001755417 |
| 003 |
WaSeSS |
| 005 |
20200512172242.0 |
| 006 |
m d |
| 007 |
cr n |
| 008 |
151203c20169999enk|| os 0 0eng c |
| 010 |
|
|
|a 2016229667
|
| 015 |
|
|
|a GBB7C1002
|2 bnb
|
| 016 |
7 |
|
|a 003881329
|2 IsJJNL
|
| 016 |
7 |
|
|a 101729100
|2 DNLM
|
| 016 |
7 |
|
|a 016748083
|2 Uk
|
| 022 |
|
|
|a 2056-354X
|l 2056-354X
|
| 035 |
|
|
|a (WaSeSS)ssj0001755417
|
| 040 |
|
|
|a J9U
|b eng
|e pn
|c J9U
|d FGM
|d OCLCQ
|d CUV
|d OCLCF
|d CASUM
|d NLM
|d OCLCA
|d UKMGB
|d OCLCA
|d VT2
|d CUS
|d WaSeSS
|
| 042 |
|
|
|a pcc
|
| 050 |
1 |
4 |
|a Q125
|
| 060 |
0 |
0 |
|a W1
|
| 210 |
1 |
0 |
|a BJHS Themes
|2 dnlm
|
| 245 |
0 |
0 |
|a BJHS Themes
|h [electronic resource].
|
| 246 |
1 |
3 |
|a British journal for the history of science themes
|
| 260 |
|
|
|a Cambridge :
|b Camridge University Press,
|c [2016]-
|
| 310 |
|
|
|a Annual
|
| 362 |
1 |
|
|a Began with 1 (2016)
|
| 506 |
|
|
|a License restrictions may limit access.
|
| 515 |
|
|
|a Articles published as they become available and compiled into annual issues.
|
| 550 |
|
|
|a A journal of the British Society for the History of Science.
|
| 580 |
|
|
|a Sister publication to: British journal for the history of science.
|
| 588 |
|
|
|a Description based on: 1 (2016); title from journal homepage (publisher's website, viewed July 16, 2018).
|
| 588 |
|
|
|a Latest issue consulted: 2 (2017) (viewed July 16, 2018).
|
| 650 |
|
0 |
|a Science
|x History
|v Periodicals.
|
| 650 |
|
7 |
|a Science.
|2 fast
|0 (OCoLC)fst01108176
|
| 650 |
1 |
2 |
|a Science
|x history.
|
| 655 |
|
0 |
|a Electronic journals.
|
| 710 |
2 |
|
|a British Society for the History of Science.
|
| 776 |
0 |
8 |
|i Print version:
|t BJHS themes
|x 2058-850X
|
| 787 |
0 |
8 |
|i Complemented by (work):
|t British journal for the history of science
|x 0007-0874
|w (OCoLC)1537266
|
| 856 |
4 |
0 |
|z Full text available from Research Library: 01/01/2017 to 1 year ago
|u https://search.proquest.com/publication/2046283
|